| 000 | 01024nam2a22002291 4500 | ||
|---|---|---|---|
| 001 | rc\384499 | ||
| 005 | 20250612174457.0 | ||
| 035 | _a(NLR Aleph) 008760795 | ||
| 090 |
_a7864076 _c7864076 |
||
| 100 | _a20030307d1989 |||y0rusy50 ca | ||
| 101 | 0 | _arus | |
| 102 | _aRU | ||
| 105 | _aa ||||||||| | ||
| 200 | 0 | _aКн. 1 | |
| 210 |
_d1989 _aБ. м. |
||
| 215 |
_a342 с., [1] л. портр. _d24 |
||
| 461 | 0 |
_1001rc\384497 _12001#$aИзбранные труды$eВ 2 кн.$fРедкол.: В.Н. Денисов (гл. ред. ) и др.$gАН УССР, Ин-т государства и права$vКн. 1 _1700#1$aКорецкий$bВ.М.$gВладимир Михайлович$f1890-1984 _97870989 _aКорецкий, В.М. (1890-1984) _cКиев _d1989 _fРедкол.: В.Н. Денисов (гл. ред. ) и др. _nНаукова думка _oВ 2 кн. _tИзбранные труды _y5120010504 _vКн. 1 |
|
| 801 | 0 |
_aRU _bNLR _gpsbo |
|
| 801 | 1 |
_aRU _bELAR _2rusmarc |
|
| 852 |
_aNLR _j89-7/815 |
||
| 942 | _cBOOK | ||
| 980 | _aNB | ||